000 00430nam a22001817a 4500
003 MPLRDC
005 20220104114214.0
008 210129b ||||| |||| 00| 0 eng d
020 _a7-5302-0062-3
082 _a857.4571 LL
100 _a凌力
245 _a少年天子
_c
250 _a一版一刷
260 _a
_b北京十月文艺出版社
_c1987
300 _b
650 _a历史小说
942 _cBK
_o857.4571 LL
999 _c5650
_d5640